000 00480nam a2200181Ia 4500
005 20250326125530.0
008 250326s9999 xx 000 0 und d
037 _aTextbook
040 _aFMSL
_beng
_cFMSL
041 _aeng
_2eng
084 _aa K6
_qFMSL
100 _aLewin A M
_9739234
245 0 _aSystematic bibligraphy
_cLewin A M; Robinson
260 _aNew Delhi
_bNew Delhi, Asia
_c1966
300 _a88p
942 _cTB
_ha K6
999 _c1278454
_d1278454